Normal view
MARC view
- شريف علتم ؛ محرر
Entry Personal Name
001 - CONTROL NUMBER
- control field: 33748
003 - CONTROL NUMBER IDENTIFIER
- control field: JO-AjAnu
005 - DATE AND TIME OF LATEST TRANSACTION
- control field: 20230606075647.0
008 - FIXED-LENGTH DATA ELEMENTS
- fixed length control field: 230606|| aca||aabn | a|a d
040 ## - CATALOGING SOURCE
- Original cataloging agency: JO-AjAnu
- Transcribing agency: JO-AjAnu
100 ## - HEADING--PERSONAL NAME
- Personal name: شريف علتم ؛ محرر
670 ## - SOURCE DATA FOUND
- Source citation: Work cat.: (JO-AjAnu)17335: شريف علتم ؛ محرر, author, محاضرات فى القانون الدولى الإنساني